| 000 | 00644nam a2200205Ia 4500 | ||
|---|---|---|---|
| 003 | GCL | ||
| 008 | 140319s9999 xx 000 0 ara d | ||
| 040 |
_aGCL / _cGCL |
||
| 082 | 0 | 4 |
_a791.43 _bم ك |
| 100 | 1 | _aمطبعة جريدة السياسة | |
| 245 | 1 | 0 |
_aكواكب السينما / _cمطبعة جريدة السياسة |
| 260 |
_a[S.N] : _bمطبعة جريدة السياسة ، _c1934 |
||
| 490 | _a | ||
| 650 | 0 | 4 | _aالفنون |
| 650 | 0 | 4 | _aالافلام السينمائية |
| 650 | 0 | 4 | _aالسينما |
| 650 | 0 | 4 | _aالممثلون والممثلات |
| 650 | 0 | 4 | _aالسينما العالمية |
| 942 |
_2ddc _cBK |
||
| 999 |
_c58989 _d58989 |
||